The Crown Netflix Series Characters - Statistics

General Stats
  • This quiz has been taken 45 times
  • The average score is 14 of 21
Answer Stats
Hint Answer % Correct
Queen of the United Kingdom Queen Elizabeth II
98%
The Queen Mom Queen Mother Queen Elizabeth
98%
Duke of Edinburgh Prince Philip
93%
Prince of Wales Charles
91%
Prime Minister during WW2 Winston Churchill
88%
Father of the Queen King George VI
84%
Iron Lady Margaret Thatcher
84%
Countess of Snowdon Princess Margaret
84%
Princess Royal Anne
81%
Duke of Windsor Prince Edward
77%
Romance of Princess Margaret Peter Townsend
70%
First male prime ministerial spouse Denis Thatcher
67%
Princess of Wales Diana Spencer
63%
Uncle of Prince Philip Louis Mountbatten
63%
Mary of Teck Queen Mary
60%
Duchess of Windsor Wallis Simpson
56%
PM after Eden Harold Macmillan
49%
64th Prime Minister of the UK Anthony Eden
47%
Duchess of Cornwall Camilla Parker Bowles
40%
Labour PM Harold Wilson
35%
1st Earl of Snowdon Antony Armstrong-Jones
23%
No matching quizzes found
Score Distribution
Percent of People with Each Score
Percentile by Number Answered
Your Score History
You have not taken this quiz